Miasta z Województwa Mazowieckiego - nagła śmierć - Statystyki

Ogólne statystyki
  • Ten quiz został rozwiązany 49 razy
  • Średni wynik to 15 z 20
Answers on the Grid
Answers color-coded by a green-red scale on the quiz's grid according to % correct below.
Radom
Przasnysz
Ciechanów
Siedlce
Katowice
Bełchatów
Marki
Chełm
Tomaszów Mazowiecki
Płock
Warszawa
Ostrołęka
Biała Podlaska
Pabianice
Wyszków
Lublin
Sochaczew
Mińsk Mazowiecki
Płońsk
Legionowo
Słupsk
Gdańsk
Otwock
Piaseczno
Ząbki
Poznań
Skierniewice
Pułtusk
Mława
Radomsko
Wołomin
Sulejówek
 
Statystyki odpowiedzi
Odpowiedź % Poprawnych
Legionowo
91%
Piaseczno
85%
Warszawa
85%
Marki
82%
Mińsk Mazowiecki
82%
Radom
82%
Płock
76%
Siedlce
76%
Otwock
73%
Płońsk
73%
Wyszków
73%
Mława
70%
Sochaczew
70%
Sulejówek
70%
Wołomin
70%
Pułtusk
67%
Ząbki
67%
Ciechanów
64%
Ostrołęka
64%
Przasnysz
55%
Nie znaleziono quizów pasujących do podanych kryteriów
Rozkład punktacji
Procent ludzi z każdym wynikiem
Percentyl według liczby udzielonych odpowiedzi
Twoja historia wyników
Nie rozwiązałeś tego quizu